| 000 | 01295nam a2200277 i 4500 | ||
|---|---|---|---|
| 001 | 74291 | ||
| 003 | ES-MaACL | ||
| 005 | 20250726073006.0 | ||
| 007 | t| | ||
| 008 | 040916m19241925sp |||| | spa d | ||
| 100 | 1 |
_aGonzález Fragoso, Romualdo. _958637 |
|
| 245 | 1 | 0 |
_aUredales _b: (royas de los vegetales) / _cpor Romualdo González Fragoso ; prologo, Ed. Fischer. |
| 260 |
_aMadrid : _bMuseo Nacional de Ciencias Naturales, _c1924-1925. |
||
| 300 |
_a2 v. : _bil. ; _c24 cm. |
||
| 505 | 8 |
_aContiene: I ; _tGénero Puccinia (LXXI, 416 p.) - II ; _tGéneros Uromyces, etc. Uredales imperfectos (VIII, 424 p.) |
|
| 530 | _aDisponible en formato digital. | ||
| 594 | _aPrecede al tít.: Junta para Ampliación de Estudios e Investigaciones Científicas. Instituto Nacional de Ciencias. Flora ibérica. | ||
| 650 | 4 |
_aUredinales- _zEspaña. _9142281 |
|
| 700 | 1 |
_aFischer, Edmund. _950986 |
|
| 710 | 2 |
_aJunta para la Ampliación de Estudios e Investigaciones Científicas. _95413 |
|
| 710 | 2 |
_aMuseo Nacional de Ciencias Naturales (España) _95897 |
|
| 852 |
_aES-MaACL _jF-6752-53 _cDEPO2 _zRevisado enlace: 23 de julio de 2025 |
||
| 856 | 4 |
_uhttp://bdh-rd.bne.es/viewer.vm?id=0000241814&page=1 _y(Biblioteca Digital Hispánica) |
|
| 942 | _2udc | ||
| 999 |
_c74291 _d74291 |
||